|
|
|
|
| LEADER |
01095nam a2200349 4500 |
| 001 |
DLU090094020 |
| 005 |
##20091201 |
| 040 |
# |
# |
|a DLU
|b eng
|
| 041 |
# |
# |
|a eng
|
| 044 |
# |
# |
|a us
|
| 245 |
# |
# |
|a Sorption and dissipation of testosterone, estrogens, their primary transformation products in soils and sediment /
|c Linda S. Lee, Troy J. Strock, Ajit K. Sarmah, P. Suresh, C. Rao.
|
| 653 |
# |
# |
|a Adsorption isotherm
|
| 653 |
# |
# |
|a Endocrine disruptor
|
| 653 |
# |
# |
|a Estrone
|
| 653 |
# |
# |
|a Mimetic hormone
|
| 653 |
# |
# |
|a Partition coefficient
|
| 653 |
# |
# |
|a Testosterone
|
| 700 |
# |
# |
|a Lee, Linda S.
|
| 700 |
# |
# |
|a Rao, C.
|
| 700 |
# |
# |
|a Sarmah, Ajit K.
|
| 700 |
# |
# |
|a Strock, Troy J.
|
| 700 |
# |
# |
|a Suresh, P.
|
| 773 |
# |
# |
|t Environmental Science & Technology
|g Vol. 37, no. 18 (September 2003), p. 4098-4105
|
| 920 |
# |
# |
|a Phòng Tạp chí -- Trung tâm Thông tin - Thư viện Trường Đại học Đà Lạt
|
| 994 |
# |
# |
|a DLU
|
| 900 |
# |
# |
|a True
|
| 911 |
# |
# |
|a Trương Bảo Trâm Anh
|
| 925 |
# |
# |
|a G
|
| 926 |
# |
# |
|a A
|
| 927 |
# |
# |
|a BB
|
| 980 |
# |
# |
|a Thư viện Trường Đại học Đà Lạt
|